Five Least Populated Countries by Continent - Statistics

General Stats
  • This quiz has been taken 125,856 times
    109,762 since last reset
  • The average score is 23 of 30
Answer Stats
Continent Population Country % Correct
Europe 1,000 Vatican City
97%
Europe 34,000 San Marino
91%
Europe 40,000 Liechtenstein
90%
Europe 38,000 Monaco
90%
Europe 83,000 Andorra
89%
South America 838,000 Guyana
85%
South America 643,000 Suriname
85%
South America 7,060,000 Paraguay
84%
South America 3,380,000 Uruguay
84%
South America 12,700,000 Bolivia
79%
Oceania 12,000 Nauru
79%
Oceania 9,000 Tuvalu
79%
North America 47,000 St. Kitts & Nevis
78%
Oceania 18,000 Palau
77%
North America 100,000 St. Vincent & the Grenadines
75%
Africa 134,000 Seychelles
75%
Africa 529,000 Cape Verde
72%
Africa 243,000 São Tomé & Príncipe
72%
Oceania 104,000 Tonga
72%
Asia 468,000 Brunei
71%
Oceania 36,000 Marshall Islands
71%
North America 94,000 Antigua & Barbuda
69%
Africa 891,000 Comoros
69%
North America 117,000 Grenada
69%
Asia 1,430,000 East Timor
67%
Asia 799,000 Bhutan
66%
North America 66,000 Dominica
64%
Asia 531,000 Maldives
61%
Africa 1,190,000 Djibouti
53%
Asia 1,380,000 Cyprus
40%
No matching quizzes found
Score Distribution
Percent of People with Each Score
Percentile by Number Answered
Your Score History
You have not taken this quiz since the last reset